Nové pohledy na strukturální politiku.

Problémy štrukturálnej záťaže hospodárstva ČSFR zdedenej z minulosti. Možné zdroje inšpirácie v zahraničí a zahraničné skúsenosti z posledných desaťročí. Nové smery štrukturálnej politiky 80. rokov a štrukturálna politika ČSFR.

Gespeichert in:
Bibliographische Detailangaben
1. Verfasser: Urban, Luděk
Format: Buchkapitel
Sprache:Tschechisch
Schlagworte:
Tags: Tag hinzufügen
Keine Tags, Fügen Sie das erste Tag hinzu!

MARC

LEADER 00000naa a2200000 4500
001 r007479
005 20220831085232.2
041 0 |a cze 
044 |a [CS] 
245 1 0 |a Nové pohledy na strukturální politiku.  |c Luděk Urban 
520 |a Problémy štrukturálnej záťaže hospodárstva ČSFR zdedenej z minulosti. Možné zdroje inšpirácie v zahraničí a zahraničné skúsenosti z posledných desaťročí. Nové smery štrukturálnej politiky 80. rokov a štrukturálna politika ČSFR. 
610 2 0 |a zmeny štruktúrne 
610 2 0 |a ČSFR 
610 2 0 |a politika hospodárska 
610 2 0 |a štruktúra ekonomická 
100 1 |a Urban, Luděk